01160cam a2200277 a 450000100100000000500170001000800410002703500190006804000300008708200170011724501330013426000310026730000280029849000440032650400320037050400740040265000220047665100530049865100490055165000370060070000460063783000520068304900090073595201210074499900170086500001545620251210122428.0711007s1971 mau b 000 0 eng d a(DLC) 72152809 aDO-SdBNPbspacBNPHUdDLC a146.4bP855L00aPositivism in Latin America, 1850-1900 :bare orden and progress reconcilable? /cintroducción y edición Ralph Lee Woodward. aLexington :bHeath,c1971. axviii, 130 p. ;c24 cm.1 aProblems in Latin American civilization aBibliografía: p. 127-130. aIncluye referencias bibliográficas y notas al pie de las páginas. 0aPositivismo92423 4aAmérica LatinaxCondiciones Políticas934912 aAmérica LatinaxHistoriay1850-1930934913 4aFilosofía latinoamericana94711 aWoodward, Ralph Lee,eed.eintrod.934914 0aProblems in Latin American civilization.934915 aBNGR 001052708MOaGRbGRcCTd2010-02-09iLF1l0o146.4 P855Lp15456-10r2020-06-25w2020-06-25y2ZPréstamo interno c15012d15012